00425pab a2200121 454500008004000000100002100040245014800061260000900209300001100218362001100229650003700240773002600277180718b1983 xxu||||| |||| 00| 0 eng d aWeiss, Thomas G. aThe United Nations Conference on the least developed countriesbThe relevance of conference diplomacy in Paris - for international negotiations c1983 a649-75 aAutumn aInternational Economic Relations aInternational Affairs